Top 10 des langues les plus difficiles à apprendre - Statistiques

Statistiques générales
  • Ce quiz a été pris 1 588 fois
  • Le résultat moyen est 5 sur 10
Statistiques - réponses
Rang Langues % Correct
10- Français
90%
1- Chinois
88%
5- Japonais
79%
7- Allemand
68%
2- Grec
38%
8- Norvégien
26%
9- Danois
24%
6- Finnois
22%
4- Islandais
19%
3- Arabe Littéraire
7%
Aucun quiz correspondant
Distribution des résultats
% des personnes avec chaque résultat
Percentile par nombre de réponses
Votre historique - résultats
Vous n’avez pas pris ce quiz